00382nam a2200121Ia 4500008004100000040001600041041001200057082001400069100002100083245009900104260003200203300002500235230917s9999||||xx |||||||||||||| ||und|| e97152aMAIN aEnglish a973 G463P aGlasrud, Bruce A 0aPromises to keep: A portrayal of nonwhites in the United States, 2v v1- to 1865, v2- from 1865 aChicagobRand McNallyc1972 aix, 205 p. ; ix, 398